000 00275nam a2200109 a 4500
005 20140513081058.0
008 100908s19uu xx 00 eng d
050 _aVCD
_bMy995
245 _aMy favorite nursery rhymes/.
650 _aNursery rhymes-collection.
999 _c116640
_d116640